History Quiz

Random History Quiz

Tudor Exam Facts Quiz Stats

 Plays Quiz not verified by Sporcle

Challenge
Share
Tweet
Embed
Score 0/34 Timer 18:00
0 Plays Today
Hint Answer % Correct
what percentage of adult males were monks?1%
62.5%
In 1491 £48,000 was raised for Brittany how much was contributed by the City of London£9,000
62.5%
H7 replaced the Lord Lieutenant in the North with who?Earl of Surrey
50%
At the beginning of H7 reign how many parishes were there?8000
50%
1504-09 how many acts of attainder were passed51
50%
How much did Sir Thomas Tyrell pay for reversal of attainders£1,700
50%
Lord Burgavenny is convicted in 1507 of retaining 471 men - how much is he fined?£70,000
50%
French pension = how much£159,000
50%
Between 1509-20 how much was gov expenditure£1.7 million
50%
How many bishops out of 830 were executed 3
50%
How much is spent defending Boulogne£130,000
50%
out of 14 of the wyatt rebellion leaders how many were protestant 8
50%
liz first 3 parliaments passed how many acts122
50%
By 1603 what % of pop were catholic10%
50%
Henry called parliament this many times - 72 weeks out of 24 years7
37.5%
Member of gentry under Richard IIIWilliam Catesby
37.5%
By 1495 how many marcher lordshps were not under H7's control - more than any other previous king 6
37.5%
Hint Answer % Correct
How many religious houses did H7 found?3
37.5%
What was confraternity?Religious guilds
37.5%
H7 how many acts of attainder were passes? - 46 reversed138
37.5%
How much was the earl of oxford fined for breaking the statute of livery and maintenance£15,000
37.5%
How much was the subsidy for the yorkshire rebellion£100,000
37.5%
H7 sold the position of Archdeacon Buckingham £300
37.5%
How much did H7 raise in feudal dues for Princess Margarets marriage in 1503£30,000
37.5%
Wolsey acted against 260 landowners after 1517 national enquiry how many came to court222
37.5%
By 1547 the crown had made how much from monastic land sales£840,000
37.5%
Finance - income under cromwell doubled to £300,000
37.5%
how many labourers were charged with earning too much under poor laws in York113
37.5%
how many sessions of parliament were there under liz13
37.5%
Annual income from corwn lands rose to how much in 1509£42,000
25%
Wolsey raised this much in subsidies £322,000
25%
Custom Duties provided what fraction of crowns ordinary revenue1
12.5%
out 146 gentry how many in Northumberland could not sign name92
12.5%
second half of liz reign how many books published 4370
12.5%

You're not logged in!

Compare scores with friends on all Sporcle quizzes.
Join for Free
OR
Log In

You Might Also Like...

Show Comments

Extras

Created Jun 8, 2017ReportNominate
Tags:exam, tudor

Top Quizzes Today


Score Distribution

Your Account Isn't Verified!

In order to create a playlist on Sporcle, you need to verify the email address you used during registration. Go to your Sporcle Settings to finish the process.

Report this User

Report this user for behavior that violates our Community Guidelines.

Details: